[Event "CZE-chT2E 2122"]
[Site "Czech Republic"]
[Date "2021.10.17"]
[Round "1.3"]
[White "Kures, Michael"]
[Black "Malcanek, Jan"]
[Result "1/2-1/2"]
[WhiteElo "2008"]
[BlackElo "2047"]
[PlyCount "93"]
[EventDate "2021.10.17"]
[EventType "team-tourn"]
[EventRounds "11"]
[EventCountry "CZE"]
[SourceTitle "EXT 2024"]
[Source "ChessBase"]
[SourceDate "2023.10.10"]
[SourceVersion "1"]
[SourceVersionDate "2023.10.10"]
[SourceQuality "1"]
[WhiteTeam "Brno VSK Univ"]
[BlackTeam "Zlin"]
[WhiteTeamCountry "CZE"]
[BlackTeamCountry "CZE"]

1. e4 c5 2. Nf3 a6 3. d4 cxd4 4. Nxd4 e5 5. Nf5 d5 6. Ng3 Be6 7. f4 exf4 8. Bxf4 Nc6 9. exd5 Qxd5 10. Qxd5 Bxd5 11. Nc3 Bb4 12. 0-0-0 Bxc3 13. Rxd5 Nge7 14. Rd1 Be5 15. Bxe5 Nxe5 16. Ne4 0-0 17. Nc5 Rab8 18. Nd7 Nxd7 19. Rxd7 Nc6 20. Be2 Ne5 21. Rd5 f6 22. Rhd1 Kf7 23. R1d4 Ke7 24. Rb4 Rfc8 25. Bd3 g6 26. Be4 Rc7 27. b3 Rbc8 28. Rd2 f5 29. Bd5 b5 30. Rbd4 Rd8 31. c4 bxc4 32. bxc4 Rdc8 33. Rc2 Ng4 34. Re2+ Kd6 35. Be6+ Kc5 36. Rd5+ Kb4 37. Bxc8 Rxc8 38. h3 Rxc4+ 39. Kd1 Nf6 40. Rb2+ Ka3 41. Rdd2 Ne4 42. Rb3+ Ka4 43. Rc2 Rd4+ 44. Ke2 f4 45. Rd3 Ng3+ 46. Kd2 Ne4+ 47. Ke2 1/2-1/2

[Event "CZE-ch"]
[Site "Plzen"]
[Date "2020.08.30"]
[Round "8"]
[White "Kures, Michael"]
[Black "Nemec, Jachym"]
[Result "0-1"]
[WhiteElo "2019"]
[BlackElo "2150"]
[PlyCount "50"]
[EventDate "2020.08.23"]
[EventType "swiss"]
[EventRounds "9"]
[EventCountry "CZE"]
[SourceTitle "CBM 198 Extra"]
[Source "ChessBase"]
[SourceDate "2020.11.30"]
[SourceVersion "1"]
[SourceVersionDate "2020.11.30"]
[SourceQuality "1"]

1. e4 c5 2. Nf3 d6 3. d4 cxd4 4. Nxd4 Nf6 5. Nc3 a6 6. Bg5 Nbd7 7. Qd2 e6 8. 0-0-0 Qc7 9. Kb1 Be7 10. f4 b5 11. Bxf6 Nxf6 12. Bd3 b4 13. Nce2 Bb7 14. Qxb4 0-0 15. Qc3 Qb6 16. Ng3 Rfc8 17. Qb3 Qxd4 18. e5 Bd5 19. Qa3 Qb6 20. exf6 Bxf6 21. Ka1 Rab8 22. Rb1 Rc5 23. c4 Ra5 24. Qxa5 Qxa5 25. cxd5 Qa3 0-1

[Event "Stare Mesto op"]
[Site "Stare Mesto"]
[Date "2019.08.21"]
[Round "5"]
[White "Paulus, Vaclav"]
[Black "Kures, Michael"]
[Result "1-0"]
[WhiteElo "1963"]
[BlackElo "1898"]
[PlyCount "59"]
[EventDate "2019.08.17"]
[EventType "swiss"]
[EventRounds "9"]
[EventCountry "CZE"]
[SourceTitle "EXT 2020"]
[Source "ChessBase"]
[SourceDate "2019.10.17"]
[SourceVersion "1"]
[SourceVersionDate "2019.10.17"]
[SourceQuality "1"]

1. d4 Nf6 2. Nf3 g6 3. g3 Bg7 4. Bg2 0-0 5. 0-0 d6 6. c4 Nbd7 7. Nc3 e5 8. e4 exd4 9. Nxd4 Re8 10. Re1 a6 11. b3 Rb8 12. Be3 c5 13. Nde2 b5 14. Qxd6 Rb6 15. Qd2 b4 16. Na4 Rbe6 17. f3 Qe7 18. Rad1 Bb7 19. Bh3 Rxe4 20. fxe4 Qxe4 21. Kf1 Ng4 22. Ng1 Qf5+ 23. Bf4 Rxe1+ 24. Rxe1 Bc3 25. Nxc3 bxc3 26. Re8+ Nf8 27. Qxc3 Nxh2+ 28. Kf2 Ng4+ 29. Bxg4 Qxg4 30. Bh6 1-0

[Event "Stare Mesto op"]
[Site "Stare Mesto"]
[Date "2019.08.20"]
[Round "4"]
[White "Kures, Michael"]
[Black "Buran, Jaroslav"]
[Result "1/2-1/2"]
[WhiteElo "1898"]
[BlackElo "2115"]
[PlyCount "45"]
[EventDate "2019.08.17"]
[EventType "swiss"]
[EventRounds "9"]
[EventCountry "CZE"]
[SourceTitle "EXT 2020"]
[Source "ChessBase"]
[SourceDate "2019.10.17"]
[SourceVersion "1"]
[SourceVersionDate "2019.10.17"]
[SourceQuality "1"]

1. e4 Nf6 2. Nc3 d5 3. exd5 Nxd5 4. Bc4 Be6 5. Ne4 Nf4 6. Bxe6 Nxe6 7. Nf3 Nc6 8. 0-0 g6 9. c3 Qd3 10. Nfg5 Nxg5 11. Nxg5 Bh6 12. Qf3 Qxf3 13. Nxf3 Rd8 14. d4 Bxc1 15. Raxc1 0-0 16. Rfe1 e6 17. Ne5 Nxe5 18. Rxe5 Rd6 19. f4 Rfd8 20. Kf2 Ra6 21. a3 Rb6 22. Rc2 Rd5 23. Kf3 1/2-1/2

[Event "EU-ch U14"]
[Site "Bratislava"]
[Date "2019.08.10"]
[Round "9"]
[White "Kures, Michael"]
[Black "Schlegel, Igor"]
[Result "0-1"]
[WhiteElo "1898"]
[BlackElo "2030"]
[PlyCount "78"]
[EventDate "2019.08.02"]
[EventType "swiss"]
[EventRounds "9"]
[EventCountry "SVK"]
[SourceTitle "EXT 2020"]
[Source "ChessBase"]
[SourceDate "2019.10.17"]
[SourceVersion "1"]
[SourceVersionDate "2019.10.17"]
[SourceQuality "1"]

1. e4 c5 2. Nc3 a6 3. a4 Nc6 4. f4 g6 5. Bc4 Bg7 6. Nf3 e6 7. e5 d6 8. exd6 Nf6 9. d3 Qxd6 10. 0-0 0-0 11. Re1 b6 12. Ne4 Qc7 13. c3 Bb7 14. Qc2 Nd5 15. g3 Rad8 16. Be3 Nxe3 17. Rxe3 Ne7 18. Rd1 Nf5 19. Re2 Nd6 20. Kf2 Bxe4 21. Rxe4 Nxe4+ 22. dxe4 b5 23. Rxd8 Rxd8 24. axb5 axb5 25. Be2 c4 26. e5 f6 27. exf6 Bxf6 28. Qe4 Qc5+ 29. Kg2 Qd5 30. Qe3 Ra8 31. Kf2 Ra1 32. Qb6 Bd8 33. Qb8 Ra8 34. Qe5 Bb6+ 35. Kg2 Qxe5 36. Nxe5 Ra2 37. Bg4 Rxb2+ 38. Kf3 Rc2 39. Bxe6+ Kg7 0-1

[Event "EU-ch U14"]
[Site "Bratislava"]
[Date "2019.08.07"]
[Round "6"]
[White "Sustek, Adam"]
[Black "Kures, Michael"]
[Result "1-0"]
[WhiteElo "1438"]
[BlackElo "1898"]
[PlyCount "89"]
[EventDate "2019.08.02"]
[EventType "swiss"]
[EventRounds "9"]
[EventCountry "SVK"]
[SourceTitle "EXT 2020"]
[Source "ChessBase"]
[SourceDate "2019.10.17"]
[SourceVersion "1"]
[SourceVersionDate "2019.10.17"]
[SourceQuality "1"]

1. c4 Nf6 2. Nf3 g6 3. g3 Bg7 4. Bg2 0-0 5. Nc3 d6 6. d4 Nbd7 7. 0-0 e5 8. dxe5 Nxe5 9. Nxe5 dxe5 10. Bg5 Qxd1 11. Raxd1 c6 12. Rd6 Be6 13. b3 h6 14. Be3 Ne8 15. Rd2 f5 16. Bc5 Rf7 17. e4 f4 18. Rfd1 Bf6 19. Na4 g5 20. Bb4 b6 21. Nb2 Nc7 22. Bc3 Re8 23. Nd3 Bc8 24. Nb4 Bb7 25. Bh3 a5 26. Nc2 c5 27. f3 fxg3 28. hxg3 Bg7 29. Bf5 Rxf5 30. exf5 Bxf3 31. Rf1 g4 32. Ne1 h5 33. Nxf3 gxf3 34. Rd7 Rf8 35. Rxg7+ Kxg7 36. Bxe5+ Rf6 37. Bxc7 Rxf5 38. Bxb6 Kf6 39. Bxa5 Kg5 40. Kf2 Kg4 41. Re1 Rf7 42. Re4+ Kg5 43. Bd8+ Kg6 44. Re6+ Kf5 45. Rf6+ 1-0

[Event "CZE-chT2D 1819"]
[Site "Czech Republic"]
[Date "2019.01.13"]
[Round "6.8"]
[White "Kures, Michael"]
[Black "Lipavsky, Dusan"]
[Result "1-0"]
[WhiteElo "1878"]
[BlackElo "1943"]
[PlyCount "89"]
[EventDate "2018.10.14"]
[EventType "team-tourn"]
[EventRounds "11"]
[EventCountry "CZE"]
[SourceTitle "EXT 2022"]
[Source "ChessBase"]
[SourceDate "2021.10.06"]
[SourceVersion "1"]
[SourceVersionDate "2021.10.06"]
[SourceQuality "1"]
[WhiteTeam "Brno Lokomotiva"]
[BlackTeam "Vysoke Myto"]
[WhiteTeamCountry "CZE"]
[BlackTeamCountry "CZE"]

1. e4 c6 2. d4 d5 3. e5 Bf5 4. Bd3 Bxd3 5. Qxd3 e6 6. f4 c5 7. c3 Nc6 8. Ne2 h5 9. 0-0 g6 10. Be3 c4 11. Qc2 Nh6 12. b3 b5 13. a4 a6 14. Nd2 Nf5 15. Bf2 Be7 16. Ra2 0-0 17. Rfa1 Rb8 18. axb5 axb5 19. g3 Qc7 20. Kg2 Qb7 21. Qb2 Qc7 22. b4 Qb7 23. Nf1 Ra8 24. Ne3 Nxe3+ 25. Bxe3 Kg7 26. Qd2 Rxa2 27. Qxa2 Rb8 28. Bd2 Qc7 29. h3 Rb7 30. g4 hxg4 31. hxg4 Ra7 32. Qb1 Rxa1 33. Qxa1 Qa7 34. Qe1 Qd7 35. Ng3 f6 36. f5 exf5 37. gxf5 fxe5 38. dxe5 gxf5 39. Nh5+ Kf8 40. Bh6+ Ke8 41. e6 Qc7 42. Bf4 Qc8 43. Qg3 Bf8 44. Qg6+ Kd8 45. Qf6+ 1-0

[Event "EU-chT U12"]
[Site "Bad Blankenburg"]
[Date "2018.07.16"]
[Round "7.2"]
[White "Kures, Michael"]
[Black "Ozkan, Taha"]
[Result "0-1"]
[WhiteElo "1982"]
[BlackElo "1891"]
[PlyCount "114"]
[EventDate "2018.07.12"]
[EventType "team-tourn"]
[EventRounds "9"]
[EventCountry "GER"]
[SourceTitle "EXT 2019"]
[Source "ChessBase"]
[SourceDate "2018.10.10"]
[SourceVersion "1"]
[SourceVersionDate "2018.10.10"]
[SourceQuality "1"]
[WhiteTeam "Czech Republic U12"]
[BlackTeam "Turkey U12"]
[WhiteTeamCountry "CZE"]
[BlackTeamCountry "TUR"]

1. e4 e6 2. d4 d5 3. Nd2 c5 4. exd5 Qxd5 5. Ngf3 cxd4 6. Bc4 Qd6 7. 0-0 Nf6 8. Nb3 Nc6 9. Nbxd4 Nxd4 10. Nxd4 a6 11. Re1 Be7 12. Bb3 0-0 13. Bg5 Rd8 14. Nf3 Qc7 15. Qe2 Bd7 16. Nd4 h6 17. Bh4 Qf4 18. Nf3 Bb5 19. c4 Bc6 20. Bg3 Qg4 21. Ne5 Qxe2 22. Rxe2 Be4 23. Rae1 Rd4 24. f3 Bh7 25. Bf2 Rdd8 26. Bb6 Rdc8 27. Bc2 Bxc2 28. Rxc2 Nd5 29. Bf2 Nb4 30. Rd2 Bf6 31. a3 Nc6 32. Nxc6 Rxc6 33. c5 a5 34. Re4 Be7 35. Rd7 Bxc5 36. Bxc5 Rxc5 37. Rxb7 Rd8 38. Re2 Rd1+ 39. Kf2 Rb1 40. Rd2 Rc3 41. b4 Rxa3 42. b5 Rab3 43. Rd8+ Kh7 44. Rdb8 a4 45. Ra7 a3 46. Kg3 Kg6 47. b6 Kf6 48. Rf8 g5 49. Rfxf7+ Kg6 50. Rfe7 Kf6 51. Rh7 Kg6 52. h4 a2 53. Rhg7+ Kf6 54. Rgf7+ Kg6 55. Kg4 h5+ 56. Kg3 a1Q 57. Rg7+ Qxg7 0-1

[Event "EU-chT U12"]
[Site "Bad Blankenburg"]
[Date "2018.07.13"]
[Round "2.2"]
[White "Droin, Augustin"]
[Black "Kures, Michael"]
[Result "1-0"]
[WhiteElo "2095"]
[BlackElo "1982"]
[PlyCount "75"]
[EventDate "2018.07.12"]
[EventType "team-tourn"]
[EventRounds "9"]
[EventCountry "GER"]
[SourceTitle "EXT 2019"]
[Source "ChessBase"]
[SourceDate "2018.10.10"]
[SourceVersion "1"]
[SourceVersionDate "2018.10.10"]
[SourceQuality "1"]
[WhiteTeam "France U12"]
[BlackTeam "Czech Republic U12"]
[WhiteTeamCountry "FRA"]
[BlackTeamCountry "CZE"]

1. e4 c5 2. Nf3 Nc6 3. Bb5 d6 4. 0-0 Bd7 5. Re1 e6 6. c3 a6 7. Bf1 Nge7 8. d4 cxd4 9. cxd4 d5 10. Nc3 dxe4 11. Rxe4 g6 12. d5 exd5 13. Nxd5 Bg7 14. Bh6 Be6 15. Rxe6 Bxh6 16. Nf6+ Kf8 17. Rd6 Qa5 18. g3 Rd8 19. Rxd8+ Qxd8 20. Qb3 Nd4 21. Rd1 Nec6 22. Nxd4 Qxf6 23. Nxc6 bxc6 24. Bxa6 Kg7 25. Bf1 Qe5 26. Rd7 Rf8 27. Qc3 Qxc3 28. bxc3 c5 29. Bc4 Bg5 30. a4 Bd8 31. Bxf7 Kf6 32. Bd5 Ba5 33. c4 Rb8 34. Rxh7 Rb4 35. f4 g5 36. Rh6+ Kf5 37. Rh5 Kg4 38. Rxg5+ 1-0

[Event "CZE-ch U12"]
[Site "Kouty nad Desnou"]
[Date "2017.03.15"]
[Round "6"]
[White "Kures, Michael"]
[Black "Skypala, Ondrej"]
[Result "0-1"]
[WhiteElo "1693"]
[BlackElo "1713"]
[PlyCount "108"]
[EventDate "2017.03.11"]
[EventType "swiss"]
[EventRounds "9"]
[EventCountry "CZE"]
[SourceTitle "CBM 177 Extra"]
[Source "ChessBase"]
[SourceDate "2017.04.27"]
[SourceVersion "1"]
[SourceVersionDate "2017.04.27"]
[SourceQuality "1"]

1. d4 g6 2. c4 Bg7 3. Nc3 Nf6 4. g3 0-0 5. Bg2 d6 6. Nf3 Nbd7 7. 0-0 e5 8. h3 c6 9. Qb3 Re8 10. Be3 Nh5 11. dxe5 Nxe5 12. Rad1 Nxf3+ 13. exf3 Nxg3 14. fxg3 Rxe3 15. Rfe1 Qe7 16. Rxe3 Qxe3+ 17. Kh2 Qe7 18. Ne4 Be6 19. Nxd6 Rd8 20. Ne4 Rxd1 21. Qxd1 Bxc4 22. b3 Bd5 23. Qd2 f5 24. Nf2 Qc5 25. f4 Bxg2 26. Kxg2 Bd4 27. Nd3 Qd5+ 28. Kh2 Kf7 29. Nb4 Qe4 30. Nc2 Bc5 31. Qd7+ Kf6 32. Qd8+ Kg7 33. Qd2 Kf7 34. Qd7+ Qe7 35. Qd3 b5 36. Qd2 a5 37. Qd3 Qe6 38. a3 Ke7 39. b4 axb4 40. axb4 Bb6 41. Nd4 Qa2+ 42. Nc2 Qc4 43. Qd2 Qd5 44. Qc3 Kd6 45. Qe1 c5 46. Ne3 Qe4 47. Qc3 Qd4 48. Qxd4+ cxd4 49. Nd1 Kd5 50. Kg2 Kc4 51. Kf2 Kxb4 52. g4 Kb3 53. gxf5 gxf5 54. h4 Kc2 0-1

[Event "CZE-ch U12"]
[Site "Kouty nad Desnou"]
[Date "2017.03.13"]
[Round "4"]
[White "Kures, Michael"]
[Black "Dudek, Vojtech"]
[Result "0-1"]
[WhiteElo "1693"]
[BlackElo "1595"]
[PlyCount "106"]
[EventDate "2017.03.11"]
[EventType "swiss"]
[EventRounds "9"]
[EventCountry "CZE"]
[SourceTitle "CBM 177 Extra"]
[Source "ChessBase"]
[SourceDate "2017.04.27"]
[SourceVersion "1"]
[SourceVersionDate "2017.04.27"]
[SourceQuality "1"]

1. d4 Nf6 2. c4 c5 3. Nf3 cxd4 4. Nxd4 Nc6 5. Nc3 g6 6. g3 Bg7 7. Bg2 0-0 8. 0-0 a6 9. a3 e6 10. Rb1 Nxd4 11. Qxd4 Nd5 12. Qd3 Nxc3 13. bxc3 Qc7 14. Be3 Qa5 15. Rb3 d5 16. cxd5 exd5 17. Bxd5 Bf5 18. Qc4 Rac8 19. Bb6 Rxc4 20. Bxa5 Rc5 21. Bb4 Rxd5 22. Bxf8 Kxf8 23. Rxb7 Bxc3 24. Rc1 Bf6 25. Kg2 Ra5 26. Rb8+ Kg7 27. Rb3 Be6 28. Re3 Bd5+ 29. Kh3 Ba8 30. Rc8 Rh5+ 31. Kg4 Bd5 32. Rc7 Be5 33. Re7 Kf6 34. Ra7 Rxh2 35. Rxa6+ Be6+ 36. Kf3 Bd4 37. Rd3 Rxf2+ 38. Ke4 Bc5 39. Rf3+ Kg5 40. Rxf2 Bxf2 41. Kf3 Be1 42. a4 Bg4+ 43. Kg2 Bxe2 44. Ra7 Bc4 45. a5 Kg4 46. Rd7 Bc3 47. Kh2 Be5 48. Kg2 h5 49. Re7 Bd5+ 50. Kg1 Bxg3 51. a6 h4 52. a7 h3 53. Re2 h2+ 0-1

[Event "CZE-ch U12"]
[Site "Kouty nad Desnou"]
[Date "2017.03.13"]
[Round "3"]
[White "Kures, Michael"]
[Black "Stalmach, Richard"]
[Result "0-1"]
[WhiteElo "1693"]
[BlackElo "1896"]
[PlyCount "78"]
[EventDate "2017.03.11"]
[EventType "swiss"]
[EventRounds "9"]
[EventCountry "CZE"]
[SourceTitle "CBM 177 Extra"]
[Source "ChessBase"]
[SourceDate "2017.04.27"]
[SourceVersion "1"]
[SourceVersionDate "2017.04.27"]
[SourceQuality "1"]

1. d4 f5 2. c4 Nf6 3. g3 g6 4. Bg2 Bg7 5. Nc3 0-0 6. Nf3 d6 7. Qc2 Qe8 8. e4 e5 9. d5 Na6 10. Nh4 fxe4 11. Nxe4 Nxe4 12. Bxe4 Nc5 13. 0-0 Nxe4 14. Qxe4 Bf5 15. Nxf5 gxf5 16. Qh4 Qg6 17. Qg5 f4 18. gxf4 exf4 19. Qxg6 hxg6 20. Re1 g5 21. f3 Rae8 22. Rxe8 Rxe8 23. Kf1 b6 24. Rb1 Kf7 25. b3 Bc3 26. Bb2 Re3 27. Kf2 a5 28. Bxc3 Rxc3 29. Rb2 a4 30. Kg2 a3 31. Re2 Rc1 32. Kf2 Rb1 33. Rd2 Rb2 34. Ke2 Kg6 35. Kd3 Kh5 36. Rxb2 axb2 37. Kc2 g4 38. fxg4+ Kxg4 39. Kxb2 f3 0-1

[Event "CZE-chT U18 Extraliga Ost 1617"]
[Site "Czech Republic"]
[Date "2016.12.03"]
[Round "5.5"]
[White "Horak, Jan"]
[Black "Kures, Michael"]
[Result "0-1"]
[WhiteElo "1660"]
[BlackElo "1678"]
[PlyCount "134"]
[EventDate "2016.10.01"]
[EventType "team-tourn"]
[EventRounds "11"]
[EventCountry "CZE"]
[SourceTitle "EXT 2022"]
[Source "ChessBase"]
[SourceDate "2021.10.06"]
[SourceVersion "1"]
[SourceVersionDate "2021.10.06"]
[SourceQuality "1"]
[WhiteTeam "Policka Stefanydes U18"]
[BlackTeam "Brno Lokomotiva U18"]
[WhiteTeamCountry "CZE"]
[BlackTeamCountry "CZE"]

1. e4 c5 2. Nf3 Nc6 3. c3 e6 4. d4 d5 5. exd5 Qxd5 6. Be2 Nf6 7. 0-0 Be7 8. Bf4 0-0 9. Ne5 Nxe5 10. Bxe5 cxd4 11. Bxd4 e5 12. Be3 Qxd1 13. Rxd1 Ng4 14. Bxg4 Bxg4 15. f3 Be6 16. Nd2 Rfd8 17. Nb3 b6 18. Kf2 Kf8 19. g3 Ke8 20. Rac1 Rd7 21. Rxd7 Kxd7 22. Rd1+ Kc6 23. f4 Bxb3 24. axb3 e4 25. g4 g6 26. h3 f5 27. Kg3 Rd8 28. Rxd8 Bxd8 29. Bd4 Be7 30. Kf2 Bh4+ 31. Ke2 Be7 32. Be3 a5 33. Bd2 b5 34. Kd1 Bc5 35. Kc2 Kd5 36. Bc1 a4 37. c4+ bxc4 38. bxa4 Bd4 39. Kd1 c3 40. bxc3 Bxc3 41. Kc2 Kc4 42. Be3 Ba5 43. Bc1 Kb4 44. Kd2 Kxa4+ 45. Ke2 Kb3 46. Be3 Kc2 47. Bd4 Bd2 48. Be5 h5 49. gxh5 gxh5 50. Bd6 Bc3 51. Bc7 Kb3 52. Ke3 Kc4 53. Bb6 Kd5 54. Ba7 Bb2 55. Bb8 Bd4+ 56. Ke2 Bc5 57. Bc7 Bd6 58. Bb6 Bxf4 59. Bf2 Be5 60. Kd2 f4 61. Ke2 f3+ 62. Kf1 Bd4 63. Bh4 e3 64. Bg3 Bc3 65. Kg1 e2 66. h4 Bd4+ 67. Kh1 f2 0-1

[Event "CZE-chT U18 Extraliga Ost 1516"]
[Site "Czech Republic"]
[Date "2015.11.27"]
[Round "5.6"]
[White "Zavadil, Matyas"]
[Black "Kures, Michael"]
[Result "0-1"]
[WhiteElo "1631"]
[BlackElo "1506"]
[PlyCount "50"]
[EventDate "2015.10.03"]
[EventType "team-tourn"]
[EventRounds "11"]
[EventCountry "CZE"]
[SourceTitle "EXT 2022"]
[Source "ChessBase"]
[SourceDate "2021.10.06"]
[SourceVersion "1"]
[SourceVersionDate "2021.10.06"]
[SourceQuality "1"]
[WhiteTeam "Brno Duras U18"]
[BlackTeam "Brno Lokomotiva U18"]
[WhiteTeamCountry "CZE"]
[BlackTeamCountry "CZE"]

1. d4 d5 2. c4 e6 3. cxd5 exd5 4. Nc3 Nf6 5. Bg5 Nbd7 6. e3 c6 7. Bd3 Be7 8. Qc2 0-0 9. Nge2 a6 10. 0-0 Re8 11. f3 h6 12. Bf4 c5 13. b3 b5 14. Bxb5 axb5 15. Nxb5 Qb6 16. Nc7 Ba6 17. Nxa8 Rxa8 18. Rad1 Re8 19. Rfe1 Bf8 20. Nc3 cxd4 21. Na4 d3 22. Qc7 Qxc7 23. Bxc7 Bb4 24. Rf1 d2 25. Rf2 Rxe3 0-1

[Event "CZE-ch U10"]
[Site "Kouty nad Desnou"]
[Date "2015.03.11"]
[Round "6"]
[White "Kures, Michael"]
[Black "Jares, Michal"]
[Result "1-0"]
[WhiteElo "1481"]
[BlackElo "1308"]
[PlyCount "65"]
[EventDate "2015.03.07"]
[EventType "swiss"]
[EventRounds "9"]
[EventCountry "CZE"]
[SourceTitle "EXT 2017"]
[Source "ChessBase"]
[SourceDate "2016.10.25"]
[SourceVersion "1"]
[SourceVersionDate "2016.10.25"]
[SourceQuality "1"]

1. d4 Nf6 2. c4 d5 3. Nc3 Bf5 4. Bg5 c6 5. e3 e6 6. Nf3 Qb6 7. Qb3 h6 8. Bf4 Nbd7 9. Be2 Bb4 10. Nd2 Ne4 11. Ndxe4 Bxe4 12. f3 g5 13. fxe4 gxf4 14. cxd5 Bxc3+ 15. Qxc3 exd5 16. exd5 cxd5 17. exf4 Kd8 18. 0-0 Rc8 19. Qd2 Rg8 20. Bf3 Rc4 21. Rfd1 Nf6 22. Rac1 Rxc1 23. Rxc1 Ne4 24. Bxe4 dxe4 25. Qc3 Kd7 26. Qc4 Kd6 27. Qxf7 Qxd4+ 28. Kh1 Rc8 29. Qg6+ Ke7 30. Qh7+ Kd6 31. Qxh6+ Kd7 32. Qh3+ Kd6 33. Qxc8 1-0

[Event "Brno op 5th"]
[Site "Brno"]
[Date "2014.11.22"]
[Round "9"]
[White "Romanek, Zdenek"]
[Black "Kures, Michael"]
[Result "0-1"]
[WhiteElo "1648"]
[BlackElo "1493"]
[PlyCount "111"]
[EventDate "2014.11.15"]
[EventType "swiss"]
[EventRounds "9"]
[EventCountry "CZE"]
[SourceTitle "CBM 163 Extra"]
[Source "ChessBase"]
[SourceDate "2014.12.23"]
[SourceVersion "1"]
[SourceVersionDate "2014.12.23"]
[SourceQuality "1"]

1. d4 f5 2. c4 Nf6 3. g3 b6 4. Bg2 Nc6 5. Nf3 Bb7 6. 0-0 e6 7. b3 Be7 8. Bb2 d5 9. Nbd2 Ne4 10. Rc1 Bf6 11. Ne5 Ne7 12. e3 0-0 13. f4 Rc8 14. c5 Bxe5 15. fxe5 Nxd2 16. Qxd2 Qd7 17. Rc2 b5 18. Qc1 c6 19. h4 Ba6 20. b4 Qc7 21. Bc3 Ra8 22. Bh3 Qd7 23. Rcf2 Kh8 24. Qd1 Rg8 25. Kh2 g6 26. h5 Rg7 27. h6 Rf7 28. Be1 Ng8 29. g4 Nxh6 30. gxf5 gxf5 31. Rg2 Rg8 32. Rfg1 Rfg7 33. Bh4 Rxg2+ 34. Rxg2 Rxg2+ 35. Kxg2 Qg7+ 36. Kh1 Ng4 37. Qg1 h5 38. Qg3 Kh7 39. Kg1 Nxe3 40. Qxg7+ Kxg7 41. Be1 Kg6 42. Kf2 Nc4 43. Kf3 Bc8 44. Kf4 Nb2 45. Bf1 Bd7 46. Be2 Be8 47. Bh4 Nc4 48. Be1 Kh6 49. Bd3 Bg6 50. Bf1 Nb2 51. Be2 h4 52. Bxh4 Bh5 53. Bxb5 cxb5 54. c6 Be8 55. c7 Bd7 56. Be1 0-1

[Event "Brno op 5th"]
[Site "Brno"]
[Date "2014.11.19"]
[Round "5"]
[White "Kaplan, Milan"]
[Black "Kures, Michael"]
[Result "1-0"]
[WhiteElo "1791"]
[BlackElo "1493"]
[PlyCount "69"]
[EventDate "2014.11.15"]
[EventType "swiss"]
[EventRounds "9"]
[EventCountry "CZE"]
[SourceTitle "CBM 163 Extra"]
[Source "ChessBase"]
[SourceDate "2014.12.23"]
[SourceVersion "1"]
[SourceVersionDate "2014.12.23"]
[SourceQuality "1"]

1. e4 e5 2. Nf3 Nc6 3. d4 exd4 4. Nxd4 Bc5 5. Nxc6 Qf6 6. Qf3 Qxf3 7. gxf3 dxc6 8. Be3 Bxe3 9. fxe3 Nf6 10. h4 Be6 11. Bd3 0-0-0 12. Nc3 Kb8 13. Rg1 g6 14. a4 Rd7 15. b4 Rhd8 16. Ke2 Bc4 17. Rad1 Bxd3+ 18. Rxd3 h6 19. Rgd1 Kc8 20. f4 h5 21. e5 Nd5 22. Nxd5 Rxd5 23. e4 Rxd3 24. Rxd3 Rxd3 25. Kxd3 Kd7 26. f5 Ke7 27. Ke3 f6 28. Kf4 a6 29. exf6+ Kxf6 30. e5+ Kf7 31. f6 b6 32. Kg5 c5 33. e6+ Kxe6 34. Kxg6 cxb4 35. f7 1-0

[Event "Brno op 5th"]
[Site "Brno"]
[Date "2014.11.17"]
[Round "3"]
[White "Vucko, Maja"]
[Black "Kures, Michael"]
[Result "1-0"]
[WhiteElo "1923"]
[BlackElo "1493"]
[PlyCount "57"]
[EventDate "2014.11.15"]
[EventType "swiss"]
[EventRounds "9"]
[EventCountry "CZE"]
[SourceTitle "CBM 163 Extra"]
[Source "ChessBase"]
[SourceDate "2014.12.23"]
[SourceVersion "1"]
[SourceVersionDate "2014.12.23"]
[SourceQuality "1"]

1. e4 e5 2. Nf3 Nc6 3. Bb5 Nf6 4. 0-0 d6 5. Re1 Bg4 6. c3 a6 7. Ba4 b5 8. Bc2 Be7 9. h3 Bh5 10. d3 d5 11. Nbd2 0-0 12. Nf1 Bc5 13. Ng3 Bxf3 14. Qxf3 d4 15. Nf5 Kh8 16. Bg5 a5 17. Qg3 Rg8 18. Bb3 h6 19. Qh4 dxc3 20. Nxh6 Bxf2+ 21. Qxf2 Qd4 22. Nxf7+ Kh7 23. Be3 Qxd3 24. Qh4+ Kg6 25. Qg5+ Kh7 26. Qf5+ g6 27. Qxf6 cxb2 28. Qh4+ Kg7 29. Bh6+ 1-0

[Event "Brno op 5th"]
[Site "Brno"]
[Date "2014.11.15"]
[Round "1"]
[White "Kures, Michael"]
[Black "Borisek, Anze"]
[Result "0-1"]
[WhiteElo "1493"]
[BlackElo "1934"]
[PlyCount "86"]
[EventDate "2014.11.15"]
[EventType "swiss"]
[EventRounds "9"]
[EventCountry "CZE"]
[SourceTitle "CBM 163 Extra"]
[Source "ChessBase"]
[SourceDate "2014.12.23"]
[SourceVersion "1"]
[SourceVersionDate "2014.12.23"]
[SourceQuality "1"]

1. d4 b5 2. e4 Bb7 3. Nd2 Nf6 4. e5 Nd5 5. Ngf3 b4 6. Bc4 e6 7. b3 Nc3 8. Bb2 Nxd1 9. Rxd1 d5 10. Bd3 Ba6 11. Bxa6 Nxa6 12. 0-0 Be7 13. Rfe1 0-0 14. Re3 c5 15. c3 Rc8 16. Ne1 bxc3 17. Bxc3 cxd4 18. Bxd4 Bg5 19. Rg3 Bxd2 20. Rxd2 Rc1 21. Re2 Qa5 22. Kf1 Rfc8 23. Be3 Ra1 24. Bd2 Qb5 25. a4 Qd7 26. Ree3 d4 27. Rd3 Nc5 28. Rdf3 Ne4 29. Ke2 Nxg3+ 30. Rxg3 Rxe1+ 31. Bxe1 Qd5 32. Bd2 Qxe5+ 33. Kd1 f5 34. f4 Qe4 35. b4 Kf7 36. a5 a6 37. h3 Rd8 38. h4 d3 39. Re3 Qxg2 40. Kc1 Rc8+ 41. Kd1 Qf1+ 42. Be1 Rc2 43. h5 Re2 0-1